AP Chem Elements - Statistics

General Stats
  • This quiz has been taken 17 times
  • The average score is 58 of 65
Answer Stats
Hint Answer % Correct
Al Aluminum
100%
Ar Argon
100%
Be Beryllium
100%
B Boron
100%
Ca Calcium
100%
C Carbon
100%
Cl Chlorine
100%
Cr Chromium
100%
Co Cobalt
100%
Cu Copper
100%
F Fluorine
100%
Ga Gallium
100%
He Helium
100%
H Hydrogen
100%
Fe Iron
100%
Li Lithium
100%
Mg Magnesium
100%
Mn Manganese
100%
Ne Neon
100%
Ni Nickel
100%
N Nitrogen
100%
O Oxygen
100%
P Phosphorus
100%
K Potassium
100%
Si Silicon
100%
Na Sodium
100%
S Sulfur
100%
Ti Titanium
100%
Zn Zinc
100%
Cd Cadmium
90%
Au Gold
90%
In Indium
90%
I Iodine
90%
Kr Krypton
90%
Pb Lead
90%
Rb Rubidium
90%
Sc Scandium
90%
Ag Silver
90%
Sn Tin
90%
U Uranium
90%
V Vanadium
90%
Xe Xenon
90%
As Arsenic
80%
Ba Barium
80%
Br Bromine
80%
Cs Cesium
80%
Fr Francium
80%
Ge Germanium
80%
Hg Mercury
80%
Mo Molybdenum
80%
Pd Palladium
80%
Pt Platinum
80%
Pu Plutonium
80%
Ra Radium
80%
Rn Radon
80%
Rh Rhodium
80%
Ru Ruthenium
80%
Se Selenium
80%
Y Yttrium
80%
Zr Zirconium
80%
Sb Antimony
70%
Nb Niobium
70%
Sr Strontium
70%
Tc Technetium
70%
Te Tellerium
30%
No matching quizzes found
Score Distribution
Percent of People with Each Score
Percentile by Number Answered
Your Score History
You have not taken this quiz